00640cam a22002531 4500001001300000003000400013005001700017008004100034010001700075025002000092035002000112040002100132042001200153050001800165100002800183245002900211250001400240260001000254300002700264500001600291504002600307600003600333999001700369sa 67007268 DLC20260227112414.0940602s1965 ii b 000 0 kano  asa 67007268  aPL480:I-Kan-857 a(OCoLC)30538417 aDLCcCUdCUdDLC apremarc00aDS481.P35bK81 aKulkarni, V. B.,d1922-10aSōlariyada saradāra. a[1st ed.] c1965. ax, [ii], 88 p.c19 cm. aIn Kannada. aBibliography: p.[xii]10aPatel, Vallabhbhai,d1875-1950. c76478d76478